Normal view MARC view
  • AQIB,UZAIR,ZUNAIRUREHMAN

Entry Personal Name

Number of records used in: 1

001 - CONTROL NUMBER

  • control field: 72206

003 - CONTROL NUMBER IDENTIFIER

  • control field: NUST

005 - DATE AND TIME OF LATEST TRANSACTION

  • control field: 20210628204746.0

008 - FIXED-LENGTH DATA ELEMENTS

  • fixed length control field: 210628|| aca||aabn | a|a d

040 ## - CATALOGING SOURCE

  • Original cataloging agency: NUST
  • Transcribing agency: NUST

100 ## - HEADING--PERSONAL NAME

  • Personal name: AQIB,UZAIR,ZUNAIRUREHMAN

670 ## - SOURCE DATA FOUND

  • Source citation: Work cat.: (NUST): AQIB,UZAIR,ZUNAIRUREHMAN,, PR-SOF-1141-STUDY OF ROLLOVER DYNAMICS OF HEAVY VEHICLES, 2011
© 2023 Central Library, National University of Sciences and Technology. All Rights Reserved.